000 00622nam a2200241 i 4500
001 C2-0320279
003 PPAK
005 20180728115753.0
008 121218s2012 nyu |||| ||||| | eng d
020 _a9781455508211
040 _aPPAK
_beng
_cPPAK
_erda
082 0 4 _a823
_223
090 0 0 _a823
_bSTC
_dG
100 1 _aSt. Claire, Roxanne,
_eauthor
245 1 0 _aBarefoot in the sand
264 1 _aNew York :
_bForever ,
_c2012
300 _a418 pages ;
_c18 cm
336 _2rdacontent
_atext
337 _2rdamedia
_aunmediated
338 _2rdacarrier
_avolume
650 1 0 _aEnglish fiction
942 _ddc
_cB
999 _c120974
_d120974